A course in phonetics and spoken english (Record no. 4924)
[ view plain ]
| 000 -LEADER | |
|---|---|
| fixed length control field | 00479nam a2200181Ia 4500 |
| 003 - CONTROL NUMBER IDENTIFIER | |
| control field | SGT |
| 020 ## - INTERNATIONAL STANDARD BOOK NUMBER | |
| International Standard Book Number | 9788120314955 |
| 082 ## - DEWEY DECIMAL CLASSIFICATION NUMBER | |
| Classification number | 421 |
| Item number | SET |
| 100 ## - MAIN ENTRY--PERSONAL NAME | |
| Personal name | Sethi,J |
| 245 #2 - TITLE STATEMENT | |
| Title | A course in phonetics and spoken english |
| 250 ## - EDITION STATEMENT | |
| Edition statement | 2nd Ed. |
| 260 ## - PUBLICATION, DISTRIBUTION, ETC. (IMPRINT) | |
| Name of publisher, distributor, etc | PHI Learning Private Limited |
| Place of publication, distribution, etc | New Delhi |
| Year of Publication | 2009 |
| 300 ## - PAGE DESCRIPTION | |
| No. of Pages | 221p. |
| 650 ## - SUBJECT ADDED ENTRY--TOPICAL TERM | |
| Topical term or geographic name as entry element | ENGLISH |
| 653 ## - KEYWORDS--INDEX TERM | |
| Keyword term | THE ORGANS OF SPEECH, THE DESCRIPTION AND CLASSIFICATION,THE PHONEME |
| 700 ## - ADDED ENTRY--PERSONAL NAME | |
| Personal name | Dhamija,P.V |
| 942 ## - ADDED ENTRY ELEMENTS (KOHA) | |
| Source of classification or shelving scheme | Dewey Decimal Classification |
| Koha item type | Books |
| 942 ## - ADDED ENTRY ELEMENTS (KOHA) | |
| -- | 3 |
| Withdrawn status | Lost status | Source of classification or shelving scheme | Damaged status | Not for loan | Home library | Current library | Date acquired | SGTU | Total Checkouts | Full call number | Accession No. (Barcode) | Date last seen | Bill Date | Koha item type | Total Renewals | Date last borrowed |
|---|---|---|---|---|---|---|---|---|---|---|---|---|---|---|---|---|
| Dewey Decimal Classification | SGT Engineering Library | SGT Engineering Library | 28/04/2010 | SGTU | 421 SET | FE986 | 09/02/2015 | 09/02/2015 | Books | |||||||
| Dewey Decimal Classification | SGT Engineering Library | SGT Engineering Library | 28/04/2010 | SGTU | 2 | 421 SET | FE987 | 11/09/2018 | 09/02/2015 | Books | 2 | 23/07/2018 | ||||
| Dewey Decimal Classification | SGT Engineering Library | SGT Engineering Library | 28/04/2010 | SGTU | 2 | 421 SET | FE988 | 04/08/2025 | 09/02/2015 | Books | 04/07/2025 | |||||
| Dewey Decimal Classification | SGT Engineering Library | SGT Engineering Library | 28/04/2010 | SGTU | 421 SET | FE989 | 09/02/2015 | 09/02/2015 | Books | |||||||
| Dewey Decimal Classification | SGT Engineering Library | SGT Engineering Library | 28/04/2010 | SGTU | 421 SET | FE990 | 09/02/2015 | 09/02/2015 | Books | |||||||
| Dewey Decimal Classification | SGT Engineering Library | SGT Engineering Library | 28/04/2010 | SGTU | 421 SET | FE991 | 06/12/2018 | 09/02/2015 | Books | |||||||
| Dewey Decimal Classification | SGT Engineering Library | SGT Engineering Library | 06/09/2012 | SGTU | 421 SET | FE5590 | 09/02/2015 | 09/02/2015 | Books | |||||||
| Dewey Decimal Classification | SGT Engineering Library | SGT Engineering Library | 06/09/2012 | SGTU | 3 | 421 SET | FE5591 | 06/01/2022 | 09/02/2015 | Books | 27/12/2021 |